The innovation navigator : (Registro nro. 50384)
[ vista simple ]
| 000 -LEADER | |
|---|---|
| fixed length control field | 01206cam a2200313 i 4500 |
| 001 - CONTROL NUMBER | |
| control field | 50384 |
| 003 - CONTROL NUMBER IDENTIFIER | |
| control field | Mx-PuUPA |
| 005 - DATE AND TIME OF LATEST TRANSACTION | |
| control field | 20221205090123.0 |
| 008 - FIXED-LENGTH DATA ELEMENTS--GENERAL INFORMATION | |
| fixed length control field | 140415s2018 xxca gr 000 0 eng d |
| 020 ## - INTERNATIONAL STANDARD BOOK NUMBER | |
| International Standard Book Number | 9781487501112 |
| 040 ## - CATALOGING SOURCE | |
| Original cataloging agency | Mx-PuUPA |
| Language of cataloging | spa |
| Transcribing agency | Mx-PuUPA |
| Modifying agency | Mx-PuUPA |
| Description conventions | rda |
| 041 0# - LANGUAGE CODE | |
| Language code of text/sound track or separate title | eng |
| 100 1# - MAIN ENTRY--PERSONAL NAME | |
| Personal name | Marion, Tucker J., |
| Relator term | autor |
| 9 (RLIN) | 9228 |
| 245 14 - TITLE STATEMENT | |
| Title | The innovation navigator : |
| Remainder of title | transforming your organization in the era of digital design and collaborative culture / |
| Statement of responsibility, etc. | Tucker J. Marion and Sebastian K. Fixson |
| 246 18 - VARYING FORM OF TITLE | |
| Title proper/short title | The innovation navigator |
| 264 #1 - PRODUCTION, PUBLICATION, DISTRIBUTION, MANUFACTURE, AND COPYRIGHT NOTICE | |
| Place of production, publication, distribution, manufacture | Toronto : |
| Name of producer, publisher, distributor, manufacturer | University of Toronto Press, |
| Date of production, publication, distribution, manufacture, or copyright notice | ©2018 |
| 300 ## - PHYSICAL DESCRIPTION | |
| Extent | xi, 187 páginas : |
| Other physical details | ilustraciones ; |
| Dimensions | 24 cm |
| 336 ## - CONTENT TYPE | |
| Fuente | rdacontent |
| Content type term | texto |
| Content type code | txt |
| 337 ## - MEDIA TYPE | |
| Source | rdamedia |
| Media type term | sin medio |
| Media type code | n |
| 338 ## - CARRIER TYPE | |
| Source | rdacarrier |
| Carrier type term | volumen |
| Carrier type code | nc |
| 650 #4 - SUBJECT ADDED ENTRY--TOPICAL TERM | |
| Topical term or geographic name entry element | Cambio organizacional |
| 650 #4 - SUBJECT ADDED ENTRY--TOPICAL TERM | |
| Topical term or geographic name entry element | Innovaciones tecnológicas |
| 700 1# - ADDED ENTRY--PERSONAL NAME | |
| Personal name | Fixson, Sebastian K., |
| Relator term | autor |
| 942 ## - ADDED ENTRY ELEMENTS (KOHA) | |
| Source of classification or shelving scheme | Dewey Decimal Classification |
| Koha item type | Libro |
| Classification part | 658.406 |
| Item part | M298 |
| Withdrawn status | Lost status | Source of classification or shelving scheme | Damaged status | Not for loan | Collection code | Home library | Current library | Shelving location | Date acquired | Source of acquisition | Total Checkouts | Total Renewals | Full call number | Barcode | Checked out | Date last seen | Date last checked out | Price effective from | Koha item type | Cost, normal purchase price | Copy number | Cost, replacement price |
|---|---|---|---|---|---|---|---|---|---|---|---|---|---|---|---|---|---|---|---|---|---|---|
| Dewey Decimal Classification | Magisterial | Biblioteca Karol Wojtyla | Biblioteca Karol Wojtyla | Módulo de circulación | 03/12/2013 | Compra | 3 | 2 | 658.406 M298 2018 | 45280 | 05/12/2026 | 05/12/2025 | 05/12/2025 | 03/12/2013 | Magisterial | |||||||
| Dewey Decimal Classification | General | Biblioteca Karol Wojtyla | Biblioteca Karol Wojtyla | Sala general | 06/08/2024 | 2 | 2 | 1 | 658.406 M298 2018 | 100517 | 05/01/2026 | 06/08/2021 | 06/08/2024 | Libro | 663.94 | Ej.2 | 663.94 | |||||
| Dewey Decimal Classification | General | Biblioteca Karol Wojtyla | Biblioteca Karol Wojtyla | Sala general | 06/08/2024 | 2 | 658.406 M298 2018 | 100518 | 05/01/2026 | 06/08/2024 | Libro | 663.94 | Ej.3 | 663.94 | ||||||||
| Dewey Decimal Classification | General | Biblioteca Karol Wojtyla | Biblioteca Karol Wojtyla | Sala general | 31/10/2024 | 2 | 1 | 1 | 658.406 M298 2018 | 102147 | 05/01/2026 | 19/08/2024 | 31/10/2024 | Libro | 888.10 | Ej.4 | 888.10 |